Biggest Cities in Manitoba - Statistics

General Stats
  • This quiz has been taken 102 times
  • The average score is 5 of 11
Answer Stats
Population Region City % Correct
705,244 Winnipeg Capital Winnipeg
100%
48,859 Westman Brandon
74%
13,304 Central Plains Portage la Prairie
52%
15,829 Eastman Steinbach
50%
13,678 Northern Region Thompson
46%
4,982 Northern Region Flin Flon
43%
8,457 Parkland Dauphin
39%
5,369 Northern Region The Pas
39%
12,591 Pembina Valley Winkler
39%
10,278 Interlake Selkirk
35%
8,668 Pembina Valley Morden
30%
No matching quizzes found
Score Distribution
Percent of People with Each Score
Percentile by Number Answered
Your Score History
You have not taken this quiz